<?xml version="1.0" encoding="UTF-8"?>
<record
    xmlns:xsi="http://www.w3.org/2001/XMLSchema-instance"
    xsi:schemaLocation="http://www.loc.gov/MARC21/slim http://www.loc.gov/standards/marcxml/schema/MARC21slim.xsd"
    xmlns="http://www.loc.gov/MARC21/slim">

  <leader>05080nam a2200973 a 4500</leader>
  <controlfield tag="005">20250801123252.0</controlfield>
  <controlfield tag="008">130729t2025    sp a|||f |||| 001 0 spa d</controlfield>
  <datafield tag="020" ind1=" " ind2=" ">
    <subfield code="a">9788410022300</subfield>
  </datafield>
  <datafield tag="041" ind1=" " ind2=" ">
    <subfield code="a">spa</subfield>
  </datafield>
  <datafield tag="092" ind1=" " ind2=" ">
    <subfield code="c">616.07</subfield>
    <subfield code="l">57</subfield>
    <subfield code="s">NOR</subfield>
  </datafield>
  <datafield tag="100" ind1="1" ind2=" ">
    <subfield code="a">Norris, Tommie L.</subfield>
    <subfield code="e">Ed.</subfield>
    <subfield code="9">4154</subfield>
  </datafield>
  <datafield tag="245" ind1=" " ind2=" ">
    <subfield code="a">Porth. Fisiopatolog&#xED;a.</subfield>
    <subfield code="b">Alteraciones de la salud. Conceptos b&#xE1;sicos /</subfield>
    <subfield code="c">Tommie L. Norris</subfield>
  </datafield>
  <datafield tag="250" ind1=" " ind2=" ">
    <subfield code="a">11a ed.</subfield>
    <subfield code="b">Traducci&#xF3;n Doctores de Palabras.
Revisi&#xF3;n cient&#xED;fica Jorge de la Cruz Tapia ; Bardo Andr&#xE9;s Lira Mendoza ; Gustavo Arturo Mezzano ; Karina Griselda P&#xE9;rez Rubio ; Hena Guadalupe Pineda Rivera ; Grisel Emilia Uribe Mart&#xED;nez y Luis Felipe Villegas Alvar&#xE1;n</subfield>
  </datafield>
  <datafield tag="260" ind1=" " ind2=" ">
    <subfield code="a">Barcelona:</subfield>
    <subfield code="b">Wolters Kluwer;</subfield>
    <subfield code="c">2025.</subfield>
  </datafield>
  <datafield tag="300" ind1=" " ind2=" ">
    <subfield code="a">1632 p.</subfield>
  </datafield>
  <datafield tag="500" ind1=" " ind2=" ">
    <subfield code="a">Norris, T. L. et al. (2025). Porth. Fisiopatolog&#xED;a. Alteraciones de la salud. Conceptos b&#xE1;sicos. (11a ed.). Barcelona : Wolters Kluwer. </subfield>
  </datafield>
  <datafield tag="653" ind1=" " ind2=" ">
    <subfield code="a">Conceptos de salud y enfermedad</subfield>
  </datafield>
  <datafield tag="653" ind1=" " ind2=" ">
    <subfield code="a">Funci&#xF3;n y crecimiento celulares</subfield>
  </datafield>
  <datafield tag="653" ind1=" " ind2=" ">
    <subfield code="a">Caracter&#xED;sticas de c&#xE9;lulas y tejidos</subfield>
  </datafield>
  <datafield tag="653" ind1=" " ind2=" ">
    <subfield code="a">Adaptaci&#xF3;n, da&#xF1;o y muerte celular</subfield>
  </datafield>
  <datafield tag="653" ind1=" " ind2=" ">
    <subfield code="a">Control gen&#xE9;tico de la funci&#xF3;n celular y la herencia</subfield>
  </datafield>
  <datafield tag="653" ind1=" " ind2=" ">
    <subfield code="a">Trastornos gen&#xE9;ticos y cong&#xE9;nitos</subfield>
  </datafield>
  <datafield tag="653" ind1=" " ind2=" ">
    <subfield code="a">Neoplasias</subfield>
  </datafield>
  <datafield tag="653" ind1=" " ind2=" ">
    <subfield code="a">Alteraciones de la funci&#xF3;n integradora</subfield>
  </datafield>
  <datafield tag="653" ind1=" " ind2=" ">
    <subfield code="a">Estr&#xE9;s y adaptaci&#xF3;n </subfield>
  </datafield>
  <datafield tag="653" ind1=" " ind2=" ">
    <subfield code="a">Alteraciones del equilibrio hidroelectrol&#xED;tico y acidob&#xE1;sico</subfield>
  </datafield>
  <datafield tag="653" ind1=" " ind2=" ">
    <subfield code="a">Infecci&#xF3;n, inflamaci&#xF3;n e inmunidad</subfield>
  </datafield>
  <datafield tag="653" ind1=" " ind2=" ">
    <subfield code="a">Inflamaci&#xF3;n, reparaci&#xF3;n tisular y cicatrizaci&#xF3;n de heridas</subfield>
  </datafield>
  <datafield tag="653" ind1=" " ind2=" ">
    <subfield code="a">Mecanismos de la enfermedad infecciosa</subfield>
  </datafield>
  <datafield tag="653" ind1=" " ind2=" ">
    <subfield code="a">Inmunidad innata e inmunidad adaptativa</subfield>
  </datafield>
  <datafield tag="653" ind1=" " ind2=" ">
    <subfield code="a">Alteraciones de la respuesta inmunitaria, incluido el VIH/sida</subfield>
  </datafield>
  <datafield tag="653" ind1=" " ind2=" ">
    <subfield code="a">Alteraciones de la funci&#xF3;n neurol&#xF3;gica</subfield>
  </datafield>
  <datafield tag="653" ind1=" " ind2=" ">
    <subfield code="a">Organizaci&#xF3;n y control de la funci&#xF3;n neural&#xF3;gica</subfield>
  </datafield>
  <datafield tag="653" ind1=" " ind2=" ">
    <subfield code="a">Funci&#xF3;n somatosensitiva, dolor, cefalea y regulaci&#xF3;n de la temperatura</subfield>
  </datafield>
  <datafield tag="653" ind1=" " ind2=" ">
    <subfield code="a">Alteraciones de la funci&#xF3;n motora</subfield>
  </datafield>
  <datafield tag="653" ind1=" " ind2=" ">
    <subfield code="a">Alteraciones de la funci&#xF3;n cerebral</subfield>
  </datafield>
  <datafield tag="653" ind1=" " ind2=" ">
    <subfield code="a">Sue&#xF1;o y trastornos del sue&#xF1;o</subfield>
  </datafield>
  <datafield tag="653" ind1=" " ind2=" ">
    <subfield code="a">Trastornos del pensamiento, las emociones y la memoria</subfield>
  </datafield>
  <datafield tag="653" ind1=" " ind2=" ">
    <subfield code="a">Alteraciones de las funciones sensoriales especiales</subfield>
  </datafield>
  <datafield tag="653" ind1=" " ind2=" ">
    <subfield code="a">Alteraciones de la funci&#xF3;n visual</subfield>
  </datafield>
  <datafield tag="653" ind1=" " ind2=" ">
    <subfield code="a">Alteraciones de la audici&#xF3;n y la funci&#xF3;n vestibular</subfield>
  </datafield>
  <datafield tag="653" ind1=" " ind2=" ">
    <subfield code="a">Alteraciones del sistema hematopoy&#xE9;tico</subfield>
  </datafield>
  <datafield tag="653" ind1=" " ind2=" ">
    <subfield code="a">Elementos formes y sistema hematopoy&#xE9;tico </subfield>
  </datafield>
  <datafield tag="653" ind1=" " ind2=" ">
    <subfield code="a">Alteraci&#xF3;n de la hemostasia</subfield>
  </datafield>
  <datafield tag="653" ind1=" " ind2=" ">
    <subfield code="a">Alteraciones de los eritrocitos</subfield>
  </datafield>
  <datafield tag="653" ind1=" " ind2=" ">
    <subfield code="a">Alteraciones de los leucocitos y los tejidos linf&#xE1;ticos</subfield>
  </datafield>
  <datafield tag="653" ind1=" " ind2=" ">
    <subfield code="a">Alteraciones de la funci&#xF3;n cardiovascular</subfield>
  </datafield>
  <datafield tag="653" ind1=" " ind2=" ">
    <subfield code="a">Estructura y funci&#xF3;n del sistema cardiovascular</subfield>
  </datafield>
  <datafield tag="653" ind1=" " ind2=" ">
    <subfield code="a">Alteraciones del flujo sangu&#xED;neo y la regulaci&#xF3;n de la presi&#xF3;n arterial</subfield>
  </datafield>
  <datafield tag="653" ind1=" " ind2=" ">
    <subfield code="a">Alteraciones de la funci&#xF3;n card&#xED;aca e insuficiencia card&#xED;aca y choque circulatorio</subfield>
  </datafield>
  <datafield tag="653" ind1=" " ind2=" ">
    <subfield code="a">Alteraciones de la conducci&#xF3;n y el ritmo card&#xED;acos</subfield>
  </datafield>
  <datafield tag="653" ind1=" " ind2=" ">
    <subfield code="a">Alteraciones de la funci&#xF3;n respiratoria</subfield>
  </datafield>
  <datafield tag="653" ind1=" " ind2=" ">
    <subfield code="a">Estructura y funci&#xF3;n del aparato respiratorio</subfield>
  </datafield>
  <datafield tag="653" ind1=" " ind2=" ">
    <subfield code="a">Infecciones, neoplasias y alteraciones pedi&#xE1;tricas de las v&#xED;as respiratorias</subfield>
  </datafield>
  <datafield tag="653" ind1=" " ind2=" ">
    <subfield code="a">Alteraciones de la ventilaci&#xF3;n y el intercambio gasesoso</subfield>
  </datafield>
  <datafield tag="653" ind1=" " ind2=" ">
    <subfield code="a">Alteraciones de la funci&#xF3;n renal</subfield>
  </datafield>
  <datafield tag="653" ind1=" " ind2=" ">
    <subfield code="a">Estructura y funci&#xF3;n de los ri&#xF1;ones</subfield>
  </datafield>
  <datafield tag="653" ind1=" " ind2=" ">
    <subfield code="a">Alteraciones de la funci&#xF3;n renal</subfield>
  </datafield>
  <datafield tag="653" ind1=" " ind2=" ">
    <subfield code="a">Lesi&#xF3;n renal aguda y enfermedad renal cr&#xF3;nica</subfield>
  </datafield>
  <datafield tag="653" ind1=" " ind2=" ">
    <subfield code="a">Alteraciones de la vejiga y las v&#xED;as urinarias inferiores</subfield>
  </datafield>
  <datafield tag="653" ind1=" " ind2=" ">
    <subfield code="a">Alteraciones de la funci&#xF3;n digestiva</subfield>
  </datafield>
  <datafield tag="653" ind1=" " ind2=" ">
    <subfield code="a">Estructura y funci&#xF3;n del aparato digestivo</subfield>
  </datafield>
  <datafield tag="653" ind1=" " ind2=" ">
    <subfield code="a">Alteraciones de la funci&#xF3;n digestiva</subfield>
  </datafield>
  <datafield tag="653" ind1=" " ind2=" ">
    <subfield code="a">Alteraciones de la funci&#xF3;n hepatobiliar y el p&#xE1;ncreas exocrino</subfield>
  </datafield>
  <datafield tag="653" ind1=" " ind2=" ">
    <subfield code="a">Alteraciones del estado nutricional</subfield>
  </datafield>
  <datafield tag="653" ind1=" " ind2=" ">
    <subfield code="a">Alteraciones de la funci&#xF3;n endocrina</subfield>
  </datafield>
  <datafield tag="653" ind1=" " ind2=" ">
    <subfield code="a">Mecanismos de control endocrino</subfield>
  </datafield>
  <datafield tag="653" ind1=" " ind2=" ">
    <subfield code="a">Alteraciones del control endocrino del crecimiento y el metabolismo</subfield>
  </datafield>
  <datafield tag="653" ind1=" " ind2=" ">
    <subfield code="a">Alteraciones de la funci&#xF3;n genitourinaria y reproductiva</subfield>
  </datafield>
  <datafield tag="653" ind1=" " ind2=" ">
    <subfield code="a">Estructura y funci&#xF3;n del aparato genitourinario masculino</subfield>
  </datafield>
  <datafield tag="653" ind1=" " ind2=" ">
    <subfield code="a">Alteraciones del aparato reproductor masculino</subfield>
  </datafield>
  <datafield tag="653" ind1=" " ind2=" ">
    <subfield code="a">Estructura y funci&#xF3;n del aparato reproductor femenino</subfield>
  </datafield>
  <datafield tag="653" ind1=" " ind2=" ">
    <subfield code="a">Alteraciones del aparato reproductor femenino</subfield>
  </datafield>
  <datafield tag="653" ind1=" " ind2=" ">
    <subfield code="a">Infecciones de transmisi&#xF3;n sexual</subfield>
  </datafield>
  <datafield tag="653" ind1=" " ind2=" ">
    <subfield code="a">Alteraciones de la funci&#xF3;n musculoesquel&#xE9;tica</subfield>
  </datafield>
  <datafield tag="653" ind1=" " ind2=" ">
    <subfield code="a">Estructura y funci&#xF3;n del sistema musculoesquel&#xE9;tico</subfield>
  </datafield>
  <datafield tag="653" ind1=" " ind2=" ">
    <subfield code="a">Traumatismos, infecciones y neoplasias de las estructuras musculoesquel&#xE9;ticas</subfield>
  </datafield>
  <datafield tag="653" ind1=" " ind2=" ">
    <subfield code="a">Alteraciones metab&#xF3;licas y del desarrollo musculoesquel&#xE9;tico, intolerancia a la actividad y fatiga</subfield>
  </datafield>
  <datafield tag="653" ind1=" " ind2=" ">
    <subfield code="a">Enfermedades reum&#xE1;ticas</subfield>
  </datafield>
  <datafield tag="653" ind1=" " ind2=" ">
    <subfield code="a">Alteraciones de la funci&#xF3;n tegumentaria</subfield>
  </datafield>
  <datafield tag="653" ind1=" " ind2=" ">
    <subfield code="a">Estructura y funci&#xF3;n de la piel</subfield>
  </datafield>
  <datafield tag="653" ind1=" " ind2=" ">
    <subfield code="a">Alteraciones de la integridad y la funci&#xF3;n de la piel</subfield>
  </datafield>
  <datafield tag="942" ind1=" " ind2=" ">
    <subfield code="2">ddc</subfield>
    <subfield code="c">BK</subfield>
  </datafield>
  <datafield tag="999" ind1=" " ind2=" ">
    <subfield code="c">3298</subfield>
    <subfield code="d">3298</subfield>
  </datafield>
  <datafield tag="952" ind1=" " ind2=" ">
    <subfield code="0">0</subfield>
    <subfield code="1">0</subfield>
    <subfield code="2">ddc</subfield>
    <subfield code="4">0</subfield>
    <subfield code="7">0</subfield>
    <subfield code="a">BFM</subfield>
    <subfield code="b">BFM</subfield>
    <subfield code="c">CR</subfield>
    <subfield code="d">2025-08-01</subfield>
    <subfield code="e">Donaci&#xF3;n Asociaci&#xF3;n Neuquina de Anestesia - ANAAR, Julio 2025.</subfield>
    <subfield code="g">113113.00</subfield>
    <subfield code="l">14</subfield>
    <subfield code="m">3</subfield>
    <subfield code="o">616.07 57 NOR</subfield>
    <subfield code="p">5090</subfield>
    <subfield code="q">2026-06-02</subfield>
    <subfield code="r">2026-05-26</subfield>
    <subfield code="s">2026-05-26</subfield>
    <subfield code="t">Ej. 5</subfield>
    <subfield code="w">2025-08-01</subfield>
    <subfield code="y">BK</subfield>
    <subfield code="z">Donaci&#xF3;n Asociaci&#xF3;n Neuquina de Anestesia - ANAAR, Julio 2025. Sede Tordos.</subfield>
    <subfield code="f"></subfield>
  </datafield>
  <datafield tag="952" ind1=" " ind2=" ">
    <subfield code="0">0</subfield>
    <subfield code="1">0</subfield>
    <subfield code="2">ddc</subfield>
    <subfield code="4">0</subfield>
    <subfield code="7">0</subfield>
    <subfield code="a">BFM</subfield>
    <subfield code="b">BFM</subfield>
    <subfield code="c">CR</subfield>
    <subfield code="d">2025-08-01</subfield>
    <subfield code="e">Donaci&#xF3;n Asociaci&#xF3;n Neuquina de Anestesia - ANAAR, Julio 2025.</subfield>
    <subfield code="g">113113.00</subfield>
    <subfield code="l">15</subfield>
    <subfield code="m">1</subfield>
    <subfield code="o">616.07 57 NOR</subfield>
    <subfield code="p">5091</subfield>
    <subfield code="q">2026-06-05</subfield>
    <subfield code="r">2026-05-27</subfield>
    <subfield code="s">2026-05-27</subfield>
    <subfield code="t">Ej. 6</subfield>
    <subfield code="w">2025-08-01</subfield>
    <subfield code="y">BK</subfield>
    <subfield code="z">Donaci&#xF3;n Asociaci&#xF3;n Neuquina de Anestesia - ANAAR, Julio 2025. Sede Tordos.</subfield>
    <subfield code="f"></subfield>
  </datafield>
  <datafield tag="952" ind1=" " ind2=" ">
    <subfield code="0">0</subfield>
    <subfield code="1">0</subfield>
    <subfield code="2">ddc</subfield>
    <subfield code="4">0</subfield>
    <subfield code="7">0</subfield>
    <subfield code="a">BFM</subfield>
    <subfield code="b">BFM</subfield>
    <subfield code="c">CR</subfield>
    <subfield code="d">2025-08-01</subfield>
    <subfield code="e">Donaci&#xF3;n Asociaci&#xF3;n Neuquina de Anestesia - ANAAR, Julio 2025.</subfield>
    <subfield code="g">113113.00</subfield>
    <subfield code="l">13</subfield>
    <subfield code="m">1</subfield>
    <subfield code="o">616.07 57 NOR</subfield>
    <subfield code="p">5092</subfield>
    <subfield code="q">2026-06-09</subfield>
    <subfield code="r">2026-06-02</subfield>
    <subfield code="s">2026-06-02</subfield>
    <subfield code="t">Ej. 7</subfield>
    <subfield code="w">2025-08-01</subfield>
    <subfield code="y">BK</subfield>
    <subfield code="z">Donaci&#xF3;n Asociaci&#xF3;n Neuquina de Anestesia - ANAAR, Julio 2025. Sede Tordos.</subfield>
    <subfield code="f"></subfield>
  </datafield>
  <datafield tag="952" ind1=" " ind2=" ">
    <subfield code="0">0</subfield>
    <subfield code="1">0</subfield>
    <subfield code="2">ddc</subfield>
    <subfield code="4">0</subfield>
    <subfield code="7">0</subfield>
    <subfield code="a">BFM</subfield>
    <subfield code="b">BFM</subfield>
    <subfield code="c">CR</subfield>
    <subfield code="d">2025-08-01</subfield>
    <subfield code="e">Donaci&#xF3;n Asociaci&#xF3;n Neuquina de Anestesia - ANAAR, Julio 2025.</subfield>
    <subfield code="g">113113.00</subfield>
    <subfield code="l">17</subfield>
    <subfield code="o">616.07 57 NOR</subfield>
    <subfield code="p">5093</subfield>
    <subfield code="r">2026-05-21</subfield>
    <subfield code="s">2026-05-13</subfield>
    <subfield code="t">Ej. 8</subfield>
    <subfield code="w">2025-08-01</subfield>
    <subfield code="y">BK</subfield>
    <subfield code="z">Donaci&#xF3;n Asociaci&#xF3;n Neuquina de Anestesia - ANAAR, Julio 2025. Sede Tordos.</subfield>
    <subfield code="f"></subfield>
  </datafield>
  <datafield tag="952" ind1=" " ind2=" ">
    <subfield code="0">0</subfield>
    <subfield code="1">0</subfield>
    <subfield code="2">ddc</subfield>
    <subfield code="4">0</subfield>
    <subfield code="7">0</subfield>
    <subfield code="a">BFM</subfield>
    <subfield code="b">BFM</subfield>
    <subfield code="c">CR</subfield>
    <subfield code="d">2025-08-01</subfield>
    <subfield code="e">Donaci&#xF3;n Asociaci&#xF3;n Neuquina de Anestesia - ANAAR, Julio 2025.</subfield>
    <subfield code="g">113113.00</subfield>
    <subfield code="l">17</subfield>
    <subfield code="m">3</subfield>
    <subfield code="o">616.07 57 NOR</subfield>
    <subfield code="p">5094</subfield>
    <subfield code="r">2026-05-18</subfield>
    <subfield code="s">2026-05-11</subfield>
    <subfield code="t">Ej. 9</subfield>
    <subfield code="w">2025-08-01</subfield>
    <subfield code="y">BK</subfield>
    <subfield code="z">Donaci&#xF3;n Asociaci&#xF3;n Neuquina de Anestesia - ANAAR, Julio 2025. Sede Tordos.</subfield>
    <subfield code="f"></subfield>
  </datafield>
  <datafield tag="952" ind1=" " ind2=" ">
    <subfield code="0">0</subfield>
    <subfield code="1">0</subfield>
    <subfield code="2">ddc</subfield>
    <subfield code="4">0</subfield>
    <subfield code="7">0</subfield>
    <subfield code="a">BFM</subfield>
    <subfield code="b">BFM</subfield>
    <subfield code="c">CR</subfield>
    <subfield code="d">2025-08-01</subfield>
    <subfield code="e">Donaci&#xF3;n Asociaci&#xF3;n Neuquina de Anestesia - ANAAR, Julio 2025.</subfield>
    <subfield code="g">113113.00</subfield>
    <subfield code="l">13</subfield>
    <subfield code="m">3</subfield>
    <subfield code="o">616.07 57 NOR</subfield>
    <subfield code="p">5095</subfield>
    <subfield code="q">2026-06-09</subfield>
    <subfield code="r">2026-06-02</subfield>
    <subfield code="s">2026-06-02</subfield>
    <subfield code="t">Ej. 10</subfield>
    <subfield code="w">2025-08-01</subfield>
    <subfield code="y">BK</subfield>
    <subfield code="z">Donaci&#xF3;n Asociaci&#xF3;n Neuquina de Anestesia - ANAAR, Julio 2025. Sede Tordos.</subfield>
    <subfield code="f"></subfield>
  </datafield>
  <datafield tag="952" ind1=" " ind2=" ">
    <subfield code="0">0</subfield>
    <subfield code="1">0</subfield>
    <subfield code="2">ddc</subfield>
    <subfield code="4">0</subfield>
    <subfield code="7">0</subfield>
    <subfield code="a">BFM</subfield>
    <subfield code="b">BFM</subfield>
    <subfield code="c">CR</subfield>
    <subfield code="d">2025-08-01</subfield>
    <subfield code="e">Donaci&#xF3;n Asociaci&#xF3;n Neuquina de Anestesia - ANAAR, Julio 2025.</subfield>
    <subfield code="g">113113.00</subfield>
    <subfield code="l">14</subfield>
    <subfield code="m">2</subfield>
    <subfield code="o">616.07 57 NOR</subfield>
    <subfield code="p">5096</subfield>
    <subfield code="r">2026-06-02</subfield>
    <subfield code="s">2026-05-19</subfield>
    <subfield code="t">Ej. 11</subfield>
    <subfield code="w">2025-08-01</subfield>
    <subfield code="y">BK</subfield>
    <subfield code="z">Donaci&#xF3;n Asociaci&#xF3;n Neuquina de Anestesia - ANAAR, Julio 2025. Sede Tordos. </subfield>
    <subfield code="f"></subfield>
  </datafield>
</record>
